Statistics for USC (So. Cal) Starting QB's Since 2000

Click here to take the quiz!

General Stats

  • This quiz has been taken 76 times
  • The average score is 15 of 23

Answer Stats

YearsAnswer% Correct
2000Carson Palmer
91%
2001Carson Palmer
91%
2002Carson Palmer
91%
2003Matt Leinart
91%
2004Matt Leinart
91%
2005Matt Leinart
91%
2008Mark Sanchez
78%
2007Mark Sanchez
78%
2009Matt Barkley
78%
2010Matt Barkley
78%
2011Matt Barkley
78%
2012Matt Barkley
78%
2016Sam Darnold
69%
2017Sam Darnold
69%
2013Cody Kessler
60%
2014Cody Kessler
60%
2015Cody Kessler
60%
2007John David Booty
42%
2006John David Booty
42%
2016Max Browne
36%
2012Max Wittek
18%
2009Aaron Corp
16%
2010Mitch Mustain
13%

Score Distribution

Percentile by Number Answered

Percent of People with Each Score

Your Score History

You have not taken this quiz